[Event "Ufa Startsev Memorial Blitz"]
[Site "Ufa"]
[Date "2024.02.03"]
[Round "4"]
[White "Babkov, Timofey"]
[Black "Pingin, Artem"]
[Result "0-1"]
[WhiteElo "1801"]
[BlackElo "2423"]
[PlyCount "80"]
[EventDate "2024.02.03"]
[EventType "swiss (blitz)"]
[EventRounds "13"]
[EventCountry "RUS"]
[SourceTitle "CBM 218 Extra"]
[Source "ChessBase"]
[SourceDate "2024.03.31"]
[SourceVersion "1"]
[SourceVersionDate "2024.03.31"]
[SourceQuality "1"]

1. e4 c5 2. Nf3 d6 3. d4 cxd4 4. Nxd4 Nf6 5. Nc3 a6 6. Be2 e5 7. Nb3 Be7 8. Be3 Be6 9. 0-0 0-0 10. Qd2 Nbd7 11. Rfd1 Rc8 12. Rac1 b5 13. Qe1 Nb6 14. Nc5 b4 15. Nb1 a5 16. a3 Bc4 17. Bxc4 Nxc4 18. axb4 axb4 19. Rd3 Nxe3 20. Qxe3 Rxc5 21. Nd2 Qc8 22. c4 bxc3 23. bxc3 Qe6 24. c4 Rfc8 25. Rdc3 h6 26. Nb3 Rxc4 27. Na5 Rxc3 28. Rxc3 Rxc3 29. Qxc3 Nxe4 30. Qb4 d5 31. Qb8+ Kh7 32. Nb3 Qf5 33. Qa7 Nc5 34. Nd2 Bg5 35. Nf1 Nd3 36. Qb6 d4 37. f3 Nf4 38. Qc5 Bf6 39. Qd6 Qc2 40. Qd7 Qxg2# 0-1

[Event "Cheliabinsk Panchenko Memorial op"]
[Site "Cheliabinsk"]
[Date "2019.09.16"]
[Round "8"]
[White "Babkov, Timofey"]
[Black "Filippova, Darya"]
[Result "1-0"]
[WhiteElo "1663"]
[BlackElo "2110"]
[PlyCount "119"]
[EventDate "2019.09.09"]
[EventType "swiss"]
[EventRounds "9"]
[EventCountry "RUS"]
[SourceTitle "EXT 2020"]
[Source "ChessBase"]
[SourceDate "2019.10.17"]
[SourceVersion "1"]
[SourceVersionDate "2019.10.17"]
[SourceQuality "1"]

1. e4 c6 2. d4 d5 3. Nc3 dxe4 4. Nxe4 Nd7 5. Ng5 e6 6. Bd3 Ngf6 7. N1f3 h6 8. Nxe6 Qe7 9. 0-0 fxe6 10. Bg6+ Kd8 11. Bf4 Nd5 12. Bg3 b6 13. Re1 Ba6 14. Bf5 Nc7 15. d5 cxd5 16. Bxc7+ Kxc7 17. Bxe6 Qc5 18. Re3 Re8 19. Nd4 Bd6 20. Ra3 Be5 21. Nb3 Qb5 22. c4 Qb4 23. Qxd5 Re7 24. Rxa6 Kb8 25. c5 Bc7 26. Qc6 Ne5 27. Qd5 Nd7 28. g3 Qb5 29. Ra3 Nf6 30. Qc4 Qc6 31. Bh3 Rhe8 32. Qa6 Bd8 33. Nd4 Re1+ 34. Rxe1 Rxe1+ 35. Bf1 Qc7 36. cxb6 Qxb6 37. Nc6+ Kc7 38. Qxb6+ axb6 39. Nxd8 Kxd8 40. Ra7 Nd7 41. Kg2 Rb1 42. b3 Rb2 43. Bb5 Nc5 44. Rxg7 Rxa2 45. Bc4 Ne4 46. Rf7 Nd2 47. Rf6 Ne4 48. Rf4 Nd6 49. Kf3 b5 50. Bg8 Ke7 51. Kg4 Ra8 52. Bd5 Ra5 53. h4 Ne8 54. Re4+ Kf8 55. Rd4 b4 56. Bc4 Kg7 57. Rd7+ Kf6 58. Rb7 Nd6 59. Rxb4 Ne4 60. Rb6+ 1-0

[Event "Cheliabinsk Panchenko Memorial op"]
[Site "Cheliabinsk"]
[Date "2019.09.14"]
[Round "6"]
[White "Babkov, Timofey"]
[Black "Ivanova, Arina"]
[Result "0-1"]
[WhiteElo "1663"]
[BlackElo "1668"]
[PlyCount "64"]
[EventDate "2019.09.09"]
[EventType "swiss"]
[EventRounds "9"]
[EventCountry "RUS"]
[SourceTitle "EXT 2020"]
[Source "ChessBase"]
[SourceDate "2019.10.17"]
[SourceVersion "1"]
[SourceVersionDate "2019.10.17"]
[SourceQuality "1"]

1. c4 e5 2. g3 Nf6 3. Bg2 d5 4. cxd5 Nxd5 5. Nc3 Nb6 6. Nf3 Nc6 7. 0-0 Be7 8. a4 a5 9. d4 Nxd4 10. Nxd4 exd4 11. Nb5 c6 12. Nxd4 0-0 13. Be3 Nc4 14. Qb3 Nxe3 15. Qxe3 Bf6 16. Rad1 Qb6 17. b3 h6 18. Rd3 Bg4 19. h3 Rfe8 20. Qd2 Bh5 21. g4 Bg6 22. Nf5 Rad8 23. Rd1 Qc5 24. Be4 Qe5 25. Rxd8 Rxd8 26. Bd3 h5 27. Qc2 hxg4 28. hxg4 Qf4 29. Qc4 Bd4 30. Ne7+ Kf8 31. Bxg6 Bxf2+ 32. Kg2 Qg3+ 0-1